Kanton Zürich - Regionalbusse Knonauer Amt/Kelleramt - Statistiken

Allgemein
  • Dieses Quiz wurde 9 mal gespielt
  • Das Durchschnittsergebnis liegt bei 11 aus 26
Antwortstatistiken
Streckenverlauf Linie % Korrekt
Zürich, Bahnhof Wiedikon - Birmensdorf ZH, Bahnhof - Arni AG, Stockacker - Affoltern am Albis, Bahnhof 215
75%
Affoltern am Albis, Bahnhof - Aeugst am Albis, Grossacher 225
75%
Bonstetten-Wettswil, Bahnhof (- Stallikon, Aumüli) - Stallikon, Dorf - Birmensdorf ZH, Bahnhof 227
75%
Schlieren, Bahnhof/Zentrum - Uitikon Waldegg, Bahnhof 201
50%
Affoltern am Albis, Bahnhof - Aristau, Birri - Muri AG, Bahnhof 217
50%
Bonstetten-Wettswil, Bahnhof - Landikon, Bach - Bahnhof Wiedikon 220
50%
Bonstetten-Wettswil, Bahnhof - Bonstetten, Dorfplatz - Bonstetten-Wettswil, Bahnhof 228
50%
Bonstetten-Wettswil, Bahnhof - Wettswil, Heidenchilen 229
50%
Mettmenstetten, Bahnhof - Knonau, Uttenberg - Maschwanden, Dorf 230
50%
Mettmenstetten, Bahnhof - Uerzlikon, Dorf - Mettmenstetten, Bahnhof 232
50%
Zürich, Bahnhof Wiedikon - Stallikon, Dorf - Aeugst am Albis, Grossacher (- Ebertswil, Schulhaus) 235
50%
Zürich, Bahnhof Wiedikon - Stallikon, Dorf - Hausen am Albis, Post 236
50%
Hausen am Albis, Post - Langnau-Gattikon, Bahnhof - Thalwil, Bahnhof 240
50%
(Zürich, Bahnhof Wiedikon -) Birmensdorf ZH, Bahnhof - Arni AG, Stockacker - Aristau, Birri - Muri AG, Bahnhof 245
50%
Hausen am Albis, Post - Kappel am Albis, Kloster - Baar, Bahnhof 280
50%
Zürich, Bahnhof Wiedikon - Birmensdorf ZH, Bahnhof - Berikon-Widen, Bahnhof 350
50%
Zürich, Bahnhof Enge/Bederstrasse - Bremgarten AG, Obertorplatz 444
50%
Zürich, Bahnhof Enge/Bederstrasse - Bonstetten-Wettswil, Bahnhof - Affoltern am Albis, Bahnhof 200
25%
Arni AG, Stockacker - Bonstetten-Wettswil, Bahnhof 205
25%
Zürich, Bahnhof Enge/Bederstrasse - Bonstetten-Wettswil, Bahnhof - Bonstetten, Dorfplatz 210
25%
Ottenbach, Engelwiese - Obfelden, Alte Post - Affoltern am Albis, Bahnhof 212
25%
Ottenbach, Engelwiese - Zwillikon, Gemeindeplatz - Affoltern am Albis, Bahnhof 214
25%
Affoltern am Albis, Bahnhof - Mettmenstetten, Schulhaus - Hausen am Albis, Post 223
25%
Zürich, Bahnhof Enge/Bederstrasse - Oberrohrdorf, Staretschwil 445
25%
Bonstetten-Wettswil, Bahnhof - Wettswil, Beerimoos - Wettswil, Heidenchilen - Bonstetten-Wettswil, Bahnhof 221
0%
Bremgarten, Bahnhof (- Arni AG, Stockacker) - Jonen, Weingasse 231
0%
Keine übereinstimmenden Quizze gefunden
Verteilung der Resultate
Anzahl Personen mit jedem Resultat
Perzentil nach korrekt beantworteten Fragen
Ihre Resultats-Entwicklung
Sie haben dieses Quiz noch nicht gespielt